<?xml version="1.0" encoding="UTF-8"?>
<record
    xmlns:xsi="http://www.w3.org/2001/XMLSchema-instance"
    xsi:schemaLocation="http://www.loc.gov/MARC21/slim http://www.loc.gov/standards/marcxml/schema/MARC21slim.xsd"
    xmlns="http://www.loc.gov/MARC21/slim">

  <leader>01023nab a2200265 uc4500</leader>
  <controlfield tag="001">802027</controlfield>
  <controlfield tag="005">20241025090853.0</controlfield>
  <controlfield tag="008">030325e20021201                    spa  </controlfield>
  <datafield tag="035" ind1=" " ind2=" ">
    <subfield code="a">802027</subfield>
  </datafield>
  <datafield tag="035" ind1=" " ind2=" ">
    <subfield code="a">(OCoLC)820014739</subfield>
  </datafield>
  <datafield tag="040" ind1=" " ind2=" ">
    <subfield code="c">comduadb</subfield>
  </datafield>
  <datafield tag="041" ind1=" " ind2=" ">
    <subfield code="a">spa</subfield>
  </datafield>
  <datafield tag="100" ind1="1" ind2="0">
    <subfield code="a">Herrera Batista, Lorenzo Miguel Angel</subfield>
    <subfield code="4">aut</subfield>
    <subfield code="e">aut</subfield>
    <subfield code="9">372995</subfield>
  </datafield>
  <datafield tag="245" ind1="1" ind2="4">
    <subfield code="a">Las fuentes del aprendizaje en ambientes virtuales educativos</subfield>
  </datafield>
  <datafield tag="650" ind1=" " ind2="7">
    <subfield code="a">Psicolog&#xED;a cognitiva</subfield>
    <subfield code="2">dcs</subfield>
    <subfield code="9">312</subfield>
  </datafield>
  <datafield tag="650" ind1=" " ind2=" ">
    <subfield code="a">Ambientes virtuales de aprendizaje</subfield>
    <subfield code="9">111239</subfield>
  </datafield>
  <datafield tag="650" ind1=" " ind2=" ">
    <subfield code="a">Asimilaci&#xF3;n cultural</subfield>
    <subfield code="9">43678</subfield>
  </datafield>
  <datafield tag="650" ind1=" " ind2=" ">
    <subfield code="a">Piaget, Jean, 1886-1980 - Cr&#xED;tica e interpretaci&#xF3;n</subfield>
    <subfield code="9">79596</subfield>
  </datafield>
  <datafield tag="650" ind1=" " ind2=" ">
    <subfield code="a">Estructuras conceptuales</subfield>
    <subfield code="9">36458</subfield>
  </datafield>
  <datafield tag="650" ind1=" " ind2=" ">
    <subfield code="a">Innovaciones tecnol&#xF3;gicas de la informaci&#xF3;n y de la comunicaci&#xF3;n</subfield>
    <subfield code="9">28163</subfield>
  </datafield>
  <datafield tag="650" ind1=" " ind2="7">
    <subfield code="a">Aprendizaje</subfield>
    <subfield code="2">lemb</subfield>
    <subfield code="9">43900</subfield>
  </datafield>
  <datafield tag="650" ind1=" " ind2="7">
    <subfield code="a">Procesos cognitivos</subfield>
    <subfield code="2">embne</subfield>
    <subfield code="9">111016</subfield>
  </datafield>
  <datafield tag="773" ind1="0" ind2=" ">
    <subfield code="t">Reencuentro : An&#xE1;lisis de Problemas Universitarios (M&#xE9;xico)</subfield>
    <subfield code="g">No. 35, Dic. 2002, p. 70-84</subfield>
    <subfield code="w">308832</subfield>
    <subfield code="z">0188168X</subfield>
    <subfield code="0">104906</subfield>
  </datafield>
  <datafield tag="942" ind1=" " ind2=" ">
    <subfield code="c">ARIMP</subfield>
  </datafield>
  <datafield tag="999" ind1=" " ind2=" ">
    <subfield code="c">273677</subfield>
    <subfield code="d">273677</subfield>
  </datafield>
</record>
